[Event "Challenge"]
[Site "http://www.queenalice.com/game.php?id=423022"]
[Date "2008.6.25"]
[Round "-"]
[White "GreatDarkSpot"]
[Black "thejazzz"]
[Result "0-1"]
[WhiteElo "1420"]
[BlackElo "1500"]

1. e4 e5 2. Nf3 d6 3. Bc4 Bg4 4. O-O Nf6 5. d3 Nc6 6. Nc3 Nd4 7. Bg5 Be7 8. h3
Bh5 9. g4 Nxf3+ 10. Qxf3 h6 11. Be3 a6 12. gxh5 g5 13. hxg6 fxg6 14. d4 exd4 15.
Bxd4 c5 16. Be3 Rf8 17. Bxh6 Rh8 18. Bg7 Rh4 19. Nd5 Qd7 20. Nxf6+ Bxf6 21. Bxf6
Rxh3 22. Rae1 Rxf3 23. e5 Qg4+ 24. Kh1 Rh3# 0-1

[Event "Let's Play Chess!"]
[Site "http://www.queenalice.com/game.php?id=423038"]
[Date "2008.6.25"]
[Round "-"]
[White "thejazzz"]
[Black "anetta007"]
[Result "0-1"]
[WhiteElo "1521"]
[BlackElo "1565"]

1. e4 c5 2. Nc3 d6 3. Bb5+ Bd7 4. Bc4 e6 5. d4 cxd4 6. Nb5 a6 7. Nxd4 Nc6 8.
Ngf3 Nxd4 9. Qxd4 b5 10. Bg5 Qa5+ 11. Bd2 Qc7 12. Bb3 Nf6 13. Be3 Be7 14. Qb6
Qxb6 15. Bxb6 O-O 16. e5 dxe5 17. Nxe5 Bc8 18. O-O-O Bb7 19. f4 Bxg2 20. Rhg1
Bh3 21. Rg3 Bf5 22. Bd4 Ne4 23. Rgg1 a5 24. Nd7 g6 25. Bc5 Rfe8 26. Bxe7 Rxe7
27. Ne5 a4 28. Nc6 Rc7 29. Rd8+ Rxd8 30. Nxd8 axb3 31. axb3 Nd6 32. h4 Rxc2+ 33.
Kd1 Rxb2 34. Re1 Ne4 35. Re3 Rd2+ 36. Ke1 Rxd8 37. b4 Rd4 38. Rb3 Nf6 39. Ke2
Rxf4 40. Ke3 Rxh4 41. Kd2 Re4 42. Kc3 h5 43. Ra3 h4 44. Ra8+ Kg7 45. Rb8 h3 46.
Ra8 h2 47. Ra1 Rg4 48. Rh1 Rh4 49. Kb3 Be4 50. Rxh2 Rxh2 51. Kc3 g5 52. Kd4 g4
53. Kc5 g3 54. Kxb5 g2 55. Kc5 g1=Q+ 56. Kb5 Rh5+ 57. Kc4 Qf1+ 58. Kb3 Qb1+ 59.
Kc4 Qd3# 0-1

[Event "Let's Play Chess!"]
[Site "http://www.queenalice.com/game.php?id=423041"]
[Date "2008.6.25"]
[Round "-"]
[White "paddymalonespub"]
[Black "thejazzz"]
[Result "1-0"]
[WhiteElo "1642"]
[BlackElo "1660"]

1. e4 e5 2. Nf3 d6 3. d4 Nf6 4. Bg5 h6 5. dxe5 hxg5 6. exf6 Qxf6 7. c3 g4 8. Nd4
Rh6 9. Be2 Qf4 10. Nd2 Rf6 11. O-O Rh6 12. g3 Qg5 13. f3 Qh5 14. Rf2 Qh3 15. Bf1
Qh5 16. Nf5 Rg6 17. fxg4 Rxg4 18. Be2 Bxf5 19. exf5 Be7 20. Bxg4 Qg5 21. Ne4 Qe3
22. Qe2 Bg5 23. h4 d5 24. Nxg5 Qe7 25. Re1 Nc6 26. b4 Ne5 27. Qxe5 O-O-O 28. f6+
Qe6 29. Bxe6+ fxe6 30. Qxe6+ Rd7 31. Qe8+ Rd8 32. f7 c6 33. f8=Q Rxe8 34. Qxe8+
Kc7 35. Ne6+ Kb6 36. Qd8+ Kb5 37. Qa5+ Kc4 38. Rf4+ Kxc3 39. Qa3+ Kd2 40. Qe3+
Kc2 41. Rf2# 1-0

[Event "Let's Play Chess!"]
[Site "http://www.queenalice.com/game.php?id=423049"]
[Date "2008.6.25"]
[Round "-"]
[White "peaceman"]
[Black "thejazzz"]
[Result "1-0"]
[WhiteElo "1294"]
[BlackElo "1333"]

1. d4 d5 2. Nc3 Be6 3. Bf4 Nc6 4. Nf3 Nf6 5. e3 Bf5 6. Bd3 Bg4 7. h3 Bh5 8. g4
g5 9. Nxg5 h6 10. Nf3 Bxg4 11. a4 Nb4 12. hxg4 Nxg4 13. Nh4 e5 14. Bb5+ c6 15.
Be2 Be7 16. Rg1 h5 17. a5 Bxh4 18. Bg3 exd4 19. Ra4 c5 20. Nb5 1-0

[Event "AUTO-OPEN-1174"]
[Site "http://www.queenalice.com/game.php?id=423153"]
[Date "2008.6.25"]
[Round "1"]
[White "thejazzz"]
[Black "Kappat"]
[Result "0-1"]
[WhiteElo "1284"]
[BlackElo "2032"]

1. e4 e5 2. Nc3 Nf6 3. Nf3 Bb4 4. a3 Bxc3 5. dxc3 O-O 6. Bc4 Nxe4 7. Nxe5 Qf6 8.
Bxf7+ Rxf7 9. Qd5 Qxf2+ 10. Kd1 d6 11. Qxf7+ Qxf7 12. Nxf7 Kxf7 13. Rf1+ Kg8 14.
h3 Bd7 15. Bg5 Nxg5 0-1

[Event "AUTO-OPEN-1174"]
[Site "http://www.queenalice.com/game.php?id=423154"]
[Date "2008.6.25"]
[Round "1"]
[White "Kappat"]
[Black "thejazzz"]
[Result "1-0"]
[WhiteElo "2034"]
[BlackElo "1284"]

1. d4 d5 2. c4 dxc4 3. Nf3 Bg4 4. Ne5 Bf5 5. Qa4+ b5 6. Qxb5+ Bd7 7. Qb7 Nc6 8.
Nxc6 Qc8 9. Qxc8+ Rxc8 10. Ne5 Bb5 11. Nc3 Rd8 12. Nxb5 e6 13. Nxc7+ Ke7 14.
Nc6+ Kd7 15. Nxd8 1-0